书目信息 |
| 题名: |
等离子体中的波
|
|
| 作者: | 袁敬闳 , 莫怀德 编著 | |
| 分册: | ||
| 出版信息: | 成都 电子科技大学出版社 1990.11 |
|
| 页数: | 310页 | |
| 开本: | 20cm | |
| 丛书名: | ||
| 单 册: | ||
| 中图分类: | TN011.7 | |
| 科图分类: | ||
| 主题词: | 等离子体--电波传播--高等学校--教材 , 等离子体 , 电波传播 | |
| 电子资源: | ||
| ISBN: | 7-81016-217-9 | |
| 000 | 00963nam0 2200301 45 | |
| 001 | 012006042901 | |
| 005 | 20060912084849.63 | |
| 010 | @a7-81016-217-9@dCNY24.00 | |
| 092 | @aCN@b492843 | |
| 100 | @a20060429e1990 em y0chiy0121 ea | |
| 101 | 0 | @achi |
| 102 | @aCN@b510000 | |
| 105 | @ay z 000yy | |
| 200 | 1 | @a等离子体中的波@Adeng li zi ti zhong de bo@f袁敬闳,莫怀德编著@Fyuan jing hong,mo huai de bian zhu |
| 210 | @a成都@c电子科技大学出版社@d1990.11@h2005重印 | |
| 215 | @a310页@d20cm | |
| 300 | @a理科骨干教师拓展读物 | |
| 320 | @a有书目 | |
| 330 | @a本书主要讲述了等离子体的基本理论;平面电磁波;冷等离子体内的电磁波;电磁波体内的射线理论等。 | |
| 606 | 0 | @a等离子体@x电波传播@x高等学校@j教材 |
| 606 | 0 | @a等离子体 |
| 606 | 0 | @a电波传播 |
| 690 | @aTN011.7@v4 | |
| 701 | 0 | @a袁敬闳@Ayuan jing hong@4编著 |
| 701 | 0 | @a莫怀德@Amo huai de@4编著 |
| 801 | 0 | @aCN@bLZJBOOK@c20060912 |
| 905 | @aBZT@dTN011.7@e1 | |
| 906 | @dCNY24.00@n0@r1 | |
| 等离子体中的波/袁敬闳,莫怀德编著.-成都:电子科技大学出版社,1990.11(2005重印) |
| 310页;20cm |
| 理科骨干教师拓展读物 |
| ISBN 7-81016-217-9:CNY24.00 |
| 本书主要讲述了等离子体的基本理论;平面电磁波;冷等离子体内的电磁波;电磁波体内的射线理论等。 |
| ● |
| 相关链接 |
|
|
|
正题名:等离子体中的波
索取号:TN011.7/1
 
预约/预借
| 序号 | 登录号 | 条形码 | 馆藏地/架位号 | 状态 | 备注 |
| 1 | 455163 | 230011328 | 中心书库中库/ 中库029架A面7列1层20/ [索取号:TN011.7/1] | 在馆 | |
| 2 | 455164 | 230011327 | 中心书库中库/ 中库029架A面7列1层17/ [索取号:TN011.7/1] | 在馆 | |
| 3 | 455165 | 230011330 | 中心书库中库/ 中库029架A面7列1层16/ [索取号:TN011.7/1] | 在馆 | |
| 4 | 455166 | 230011329 | 中心书库中库/ 中库029架A面7列1层19/ [索取号:TN011.7/1] | 在馆 | |
| 5 | 455167 | 230011332 | 中心书库中库/ 中库029架A面7列1层18/ [索取号:TN011.7/1] | 在馆 |